| 000 | 00695 a2200193 4500 | ||
|---|---|---|---|
| 999 |
_c15 _d15 |
||
| 020 | _a9781928309079 | ||
| 050 | _aAZ807 .USH 2015 | ||
| 100 |
_aArogundade, Emma _eeditor |
||
| 245 |
_aUSHEPiA crossing boundaries : _bknowledges from the continent / _cedited by Emma Arogundade |
||
| 264 |
_aCape Town : _bSiber Ink, _c2015 |
||
| 300 |
_axv, 74p. _bill. |
||
| 440 | _aCelebrating Africa series | ||
| 500 | _aIncludes bibliographical references | ||
| 650 |
_aUniversities Science, Humanities, Law and Engineering Partnerships in Africa _xAfrica |
||
| 650 |
_aLearning and scholarships _xAfrica |
||
| 700 |
_aGaruba, Harry _eeditor |
||
| 700 |
_aKalula, Evance _eeditor |
||
| 942 |
_2lcc _cBK _h807 _iUSH _kAZ |
||